Weltmeister beim FC Bayern - Statistiken

Allgemein
  • Dieses Quiz wurde 153 mal gespielt
    109 seit der letzten Aktualisierung
  • Das Durchschnittsergebnis liegt bei 20 aus 40
Antwortstatistiken
Jahr Spieler Nation % Korrekt
1974 Gerd Müller BRD
93%
2014 Manuel Neuer Deutschland
93%
2014 Thomas Müller Deutschland
93%
2014* Mats Hummels Deutschland
86%
2014 Jerome Boateng Deutschland
85%
2014 Bastian Schweinsteiger Deutschland
84%
2014 Philipp Lahm Deutschland
84%
1974 Franz Beckenbauer BRD
78%
2014 Mario Götze Deutschland
76%
2018 Benjamin Pavard Frankreich
74%
1990* Lothar Matthäus Deutschland
71%
2006* Luca Toni Italien
70%
2014 Toni Kroos Deutschland
69%
2014* Miroslav Klose Deutschland
66%
2018* Lucas Hernandez Frankreich
64%
2018 Corentin Tolisso Frankreich
63%
2010* Javi Martinez Spanien
60%
2010* Xabi Alonso Spanien
56%
2006*^ Massimo Oddo Italien
54%
1974 Uli Hoeneß BRD
53%
1998 Bixente Lizarazu Frankreich
48%
2014* Lukas Podolski Deutschland
48%
2002* Lúcio Brasilien
45%
1974 Sepp Maier BRD
45%
1990* Jürgen Klinsmann Deutschland
44%
1974 Paul Breitner BRD
44%
1990* Andreas Brehme Deutschland
40%
2010* Pepe Reina Spanien
35%
1974 Hans-Georg Schwarzenbeck BRD
30%
1990 Klaus Augenthaler Deutschland
28%
1990 Raimond Aumann Deutschland
20%
1990 Olaf Thon Deutschland
16%
1994* Paulo Sérgio Brasilien
16%
1990 Jürgen Kohler Deutschland
13%
1990 Stefan Reuter Deutschland
11%
1994 Jorginho Brasilien
9%
1990* Thomas Berthold Deutschland
9%
1990 Hans Pflügler Deutschland
5%
1954 Hans Bauer BRD
4%
1974 Jupp Kapellmann BRD
3%
Keine übereinstimmenden Quizze gefunden
Verteilung der Resultate
Anzahl Personen mit jedem Resultat
Perzentil nach korrekt beantworteten Fragen
Ihre Resultats-Entwicklung
Sie haben dieses Quiz seit der letzten Aktualisierung nicht gespielt